El problema de la guerra y las vías de la paz /
Guardado en:
| Hovedforfatter: | |
|---|---|
| Format: | Bog |
| Sprog: | spansk |
| Udgivet: |
Barcelona, España :
Gedisa,
2000, c2000
|
| Serier: | (Cla-De-Ma Filosofía/Política)
|
| Fag: | |
| Tags: |
Ingen Tags, Vær først til at tagge denne postø!
|
MARC
| LEADER | 00000nam^a2200000^a^4500 | ||
|---|---|---|---|
| 001 | 000166353 | ||
| 005 | 20250521000000.0 | ||
| 009 | 20260310101049.57 | ||
| 020 | |a 84-7432-135-2 | ||
| 037 | |a Acervo ITESO - Biblioteca | ||
| 041 | |a ESP | ||
| 082 | |a 327. 17 |b BOB | ||
| 100 | |a Bobbio, Norberto |e (autor) | ||
| 245 | 1 | 3 | |a El problema de la guerra y las vías de la paz / |c N. Bobbio ; tr. por Jorge Binaghi. |
| 264 | 4 | |a Barcelona, España : |b Gedisa, |c 2000, c2000 | |
| 300 | |a 204 p. | ||
| 336 | |a texto |b txt |2 rdacontenido | ||
| 337 | |a sin mediación |b n |2 rdamedio | ||
| 338 | |a volumen |b nc |2 rdasoporte | ||
| 440 | 1 | |a (Cla-De-Ma |p Filosofía/Política) | |
| 500 | |a Traducción de: Il problema della guerra e le vie della pace | ||
| 649 | |a XX | ||
| 650 | |a Guerra y Paz | ||
| 650 | |a Pacifismo | ||
| 650 | |a Violencia | ||
| 650 | |a Derechos Humanos | ||
| 650 | |a Armamentismo | ||
| 650 | |a Ideología | ||
| 650 | |a Filosofía Política | ||
| 650 | |a Desarrollo Tecnológico | ||
| 650 | |a Ciencia y Desarrollo | ||
| 650 | |a Conflictos Internacionales | ||
| 650 | |a Relaciones Internacionales | ||
| 650 | |a Derecho y Política | ||
| 650 | |a Derecho Internacional | ||
| 650 | |a Política Internacional | ||
| 650 | |a Política - |x Teoría | ||
| 910 | |a Fondo General | ||
| 920 | |a Impresos - Libros | ||
| 930 | |a Colección General | ||
| 905 | |a 101 | ||
| 901 | |a 0500101456 |b IT1 |c ACC |u 20250521 | ||
| 902 | |a https://opac.biblio.iteso.mx/vufind/Record/000166353 | ||